| 000 | 00912nam a22002657a 4500 | ||
|---|---|---|---|
| 003 | URS | ||
| 005 | 20250225224438.0 | ||
| 008 | 250225b2023 ph ||||| |||| 00| 0 eng d | ||
| 020 | _a978-621-409-193-5 | ||
| 040 |
_aDLC _beng _cDLC _dDLC _dURS _erda |
||
| 082 |
_a170 _bIn8 2023 |
||
| 100 |
_aUmali Vanessa, D. _eAuthor |
||
| 245 |
_aIntroduction to Ethics / _cVannessa D. Umali, Jeremias F. Buraga, Michael M. Mesinas, Mariel A. Dela Trinidad, Joliver L. Lobo |
||
| 264 |
_aPhilippines : _bBooks Atbp. Publishing Corp. _c[2023] |
||
| 300 |
_aviii, 192 pages: _c22 cm. |
||
| 336 |
_2rdacontent _atext _btxt |
||
| 337 |
_2rdamedia _aunmediated _bn |
||
| 338 |
_2rdacarrier _avolume _bnc |
||
| 504 | _aincludes bibliographical reference ( page 191). | ||
| 700 | _aBuraga, Jeremias F. | ||
| 700 | _aMesinas, M. Michael | ||
| 700 | _aDela Trinidad, Mariel A. | ||
| 700 | _aLobo, Joliver L. | ||
| 942 |
_2ddc _cF |
||
| 999 |
_c82177 _d82176 |
||